| 000 | 01039nam a2200337 i 4500 | ||
|---|---|---|---|
| 999 |
_c2162 _d2162 |
||
| 001 | 015246457 | ||
| 003 | Uk | ||
| 005 | 20230315084426.0 | ||
| 008 | 090518s2008 enka 000 1 eng | ||
| 015 |
_aGBB592777 _2bnb |
||
| 016 | 7 |
_a015246457 _2Uk |
|
| 020 | _a9781906303686 | ||
| 040 |
_aUk _beng _cUk _erda _dKH8 |
||
| 042 | _aukblsr | ||
| 082 | 0 | 4 |
_a428.6 MIL _223 |
| 100 | 1 |
_aMiles, Sara, _eauthor. |
|
| 245 | 1 | 4 |
_aThe rooster and the dragon / _cretold by Sara Miles ; illustrations & design by CREACES. |
| 264 | 1 |
_aLondon, United Kingdom : _bPopular UK PTE Ltd, _cDecember 2008. |
|
| 300 |
_a34 pages : _bchiefly illustrations (colour) ; _c18 cm. |
||
| 336 |
_atext _2rdacontent |
||
| 336 |
_astill image _2rdacontent |
||
| 337 |
_aunmediated _2rdamedia |
||
| 338 |
_avolume _2rdacarrier |
||
| 490 | 0 | _aRobin | |
| 490 | 0 | _aLet's read more. Level 1 | |
| 500 | _a"i-Pen readable"--Cover. | ||
| 650 | 0 | _aReaders (Elementary) | |
| 650 | 0 |
_aReaders _vFairy tales. |
|
| 710 | 2 |
_aCREACES (Firm), _eillustrator. |
|
| 942 |
_2ddc _cNFIC |
||